[Event "GER-ch Seniors Gp-B 19th"]
[Site "Templin"]
[Date "2007.08.27"]
[Round "5"]
[White "Reichert, Rudolf"]
[Black "Wirth, Helmut"]
[Result "1-0"]
[WhiteElo "1617"]
[BlackElo "1394"]
[PlyCount "83"]
[EventDate "2007.08.23"]
[EventType "swiss"]
[EventRounds "9"]
[EventCountry "GER"]
[SourceTitle "EXT 2022"]
[Source "ChessBase"]
[SourceDate "2021.10.06"]
[SourceVersion "1"]
[SourceVersionDate "2021.10.06"]
[SourceQuality "1"]

1. e4 e5 2. Nf3 Nc6 3. Bc4 Bc5 4. d3 Nf6 5. Bg5 d6 6. h3 a6 7. c3 0-0 8. b4 Ba7 9. Nbd2 h6 10. Bh4 Re8 11. Bd5 Be6 12. Nh2 g5 13. Bg3 Bxd5 14. exd5 Nxd5 15. Qh5 Qf6 16. Ne4 Qg6 17. Qxg6+ fxg6 18. Ng4 Kg7 19. a3 h5 20. c4 hxg4 21. cxd5 Nd4 22. Rc1 Re7 23. hxg4 Bb6 24. Nxg5 Ree8 25. Rh7+ Kg8 26. Rcxc7 Bxc7 27. Rxc7 b5 28. Ne4 Rec8 29. Rxc8+ Rxc8 30. f4 Nc2+ 31. Kd2 Nxa3 32. Nc3 exf4 33. Bxf4 Rf8 34. g3 Rf7 35. Ne4 Rh7 36. Nf6+ Kg7 37. Nxh7 Kxh7 38. g5 Kg7 39. Bxd6 Kf7 40. Kc1 Ke8 41. Kb2 Kd7 42. Be5 1-0

[Event "Brandenburg Seniors op 16th"]
[Site "Rowy"]
[Date "2007.06.18"]
[Round "1"]
[White "Wirth, Helmut"]
[Black "Schmidt, Hans Juergen"]
[Result "0-1"]
[WhiteElo "1358"]
[BlackElo "2050"]
[PlyCount "42"]
[EventDate "2007.06.18"]
[EventType "swiss"]
[EventRounds "9"]
[EventCountry "POL"]
[SourceTitle "EXT 2011"]
[Source "ChessBase"]
[SourceDate "2010.11.26"]
[SourceVersion "1"]
[SourceVersionDate "2010.11.26"]
[SourceQuality "1"]

1. e4 c5 2. Nf3 Nc6 3. d4 cxd4 4. Nxd4 e6 5. g3 Bc5 6. Be3 Qb6 7. c3 Qxb2 8. Nc2 Bxe3 9. fxe3 Nf6 10. Bd3 Ne5 11. 0-0 b6 12. Qe2 Bb7 13. Nd2 Qxc3 14. Nc4 Nxc4 15. Bxc4 Bxe4 16. Nd4 0-0 17. Nb5 Qc2 18. Nd6 Qxe2 19. Bxe2 Bc6 20. Rf2 Ne4 21. Nxe4 Bxe4 0-1